Využívanie RFID v zdravotníckych zariadeniach

Logistické procesy v zdravotníctve. Využívanie RFID v zdravotníckych zariadeniach.

Gespeichert in:
Bibliographische Detailangaben
1. Verfasser: Furmann, Radovan
Weitere Verfasser: Plinta, Dariusz, Čechová, Ivana
Format: Buchkapitel
Sprache:Slowakisch
Schlagworte:
Tags: Tag hinzufügen
Keine Tags, Fügen Sie das erste Tag hinzu!

MARC

LEADER 00000naa a2200000 4500
001 0248675
005 20231208115253.1
041 0 |a slo 
044 |a SK 
245 1 0 |a Využívanie RFID v zdravotníckych zariadeniach  |c Radovan Furmann, Dariusz Plinta, Ivana Čechová 
520 |a Logistické procesy v zdravotníctve. Využívanie RFID v zdravotníckych zariadeniach. 
610 2 0 |a logistika 
610 2 0 |a zariadenia zdravotnícke 
610 2 0 |a modely logistické 
610 2 0 |a technológie nové 
610 2 0 |a systémy informačné 
100 1 |a Furmann, Radovan 
700 1 |a Plinta, Dariusz 
700 1 |a Čechová, Ivana